Statistics for Mobile Legends: Characters

Click here to take the quiz!

General Stats

  • This quiz has been taken 1,343 times
    (1,064 since last reset)
  • The average score is 49 of 93

Answer Stats

Characters% Correct
Layla
91%
Miya
91%
Alucard
81%
Nana
77%
Zilong
77%
Tigreal
74%
Gusion
72%
Lancelot
72%
Lesley
72%
Angela
68%
Eudora
68%
Franco
68%
Balmond
66%
Alice
65%
Fanny
65%
Hayabusa
64%
Johnson
63%
Hanabi
62%
Kagura
62%
Karina
62%
Ling
62%
Odette
62%
Clint
61%
Granger
61%
Rafaela
61%
Saber
61%
Estes
60%
Harley
60%
Chou
59%
Selena
58%
Wanwan
58%
Akai
57%
Claude
56%
Esmeralda
55%
Roger
55%
Aurora
54%
Harith
54%
Minotaur
54%
Alpha
53%
Chang'e
53%
Diggie
53%
Grock
53%
Aldous
52%
Guinevere
51%
Vale
51%
Valir
51%
Dyrroth
50%
Pharsa
50%
Argus
49%
Cyclops
48%
Ruby
48%
Bane
47%
Bruno
47%
Hanzo
47%
Lolita
47%
Vexana
47%
Hilda
46%
Natalia
46%
Atlas
45%
Helcurt
45%
Jawhead
45%
Khufra
44%
Sun
44%
Belerick
43%
Cecilion
43%
Freya
43%
Gord
43%
Irithel
43%
Lunox
43%
Lylia
43%
Baxia
42%
Kadita
42%
Karrie
42%
Badang
41%
Carmilla
41%
Kimmy
41%
Moskov
41%
Silvanna
41%
Yi Sun Shin
41%
Zhask
41%
Hylos
40%
X.Borg
40%
Faramis
39%
Lapu-Lapu
38%
Gatotkaca
37%
Leomord
37%
Uranus
36%
Kaja
35%
Martis
35%
Thamuz
35%
Masha
32%
Terizla
27%
Minsitthar
23%

Score Distribution

Percentile by Number Answered

Percent of People with Each Score

Your Score History

You have not taken this quiz since the last reset